[Event "FRA-ch Youth 2017"]
[Site "Belfort"]
[Date "2017.04.23"]
[Round "9"]
[White "Cohen Revivo, Shoham"]
[Black "Degraeve, Remy"]
[Result "1-0"]
[WhiteElo "2221"]
[BlackElo "2126"]
[Annotator "NA RC"]
[PlyCount "99"]
[EventDate "2017.??.??"]
[EventCountry "FRA"]
[SourceTitle "playchess.com"]
[Source "ChessBase"]
[SourceQuality "1"]
[TimeControl "5400+30"]

{[%evp 8,99,42,49,32767,37,45,62,125,51,33,-7,0,36,10,-12,104,104,105,58,48,58,77,52,55,34,83,32767,32767,32767,41,32767,27,51,32767,32767,30,33,101,87,95,102,130,133,32767,69,101,46,190,173,166,172,190,207,231,286,214,32767,32767,32767,32767,370,32767,387,32767,580,508,585,508,458,1625,32767,32767,32767,32767,32767,1315,0,6179,29966,6095,32767,32767,29975,32767,6790,32767,32767,29982,29983,29988,32767,32767,29991]} 1. e4 {[%emt 0:00:15]} d6 {[%emt 0:00:03]} 2. d4 {[%emt 0:00:12]} Nf6 {[%emt 0:00:02]} 3. Nc3 {[%emt 0:00:09]} g6 {[%emt 0:00:02]} 4. Bg5 {[%emt 0:00:30]} Bg7 {[%emt 0:00:05]} 5. Qd2 {[%emt 0:00:45]} Nbd7 {[%emt 0:14:12]} 6. O-O-O {[%emt 0:00:37]} h6 {[%emt 0:10:46] B07: Pirc Defence: Miscellaneous Systems} 7. Bh4 {[%emt 0:00:16] LiveBook: 23 Games} e5 {[%emt 0:11:23]} 8. Nf3 $146 {[%emt 0:02:59]} ({White should try} 8. dxe5 $16 dxe5 9. Nf3 (9. f4 Nxe4 10. Qe1 g5 11. Qxe4 gxh4 12. Nf3 O-O 13. fxe5 Re8 14. Bc4 c6 {1-0 (29) Erdogdu,M (2437)-Muratoglu,S (2069) Istanbul 2013})) 8... exd4 {[%emt 0:07:31]} 9. Qxd4 {[%emt 0:00:19]} O-O {[%emt 0:01:49]} 10. Bc4 {[%emt 0:01:35]} g5 {[%emt 0:05:45]} 11. Bg3 {[%emt 0:01:26]} Ng4 {[%emt 0:00:06] [#]} (11... Nh5 $11 {remains equal.} 12. Qe3 Re8) 12. Qd2 $1 {[%emt 0:02:03]} Nge5 {[%emt 0:02:10]} 13. Nxe5 {[%emt 0:01:37]} (13. Be2 $16) 13... Nxe5 {[%emt 0:00:01]} 14. Bb3 {[%emt 0:00:10]} Ng6 {[%emt 0:00:46]} 15. Rhf1 {[%emt 0:15:33]} Be6 {[%emt 0:04:01]} 16. Kb1 {[%emt 0:07:19]} Bxb3 {[%emt 0:01:50]} 17. axb3 {[%emt 0:00:44]} Be5 {[%emt 0:00:26]} 18. h4 {[%emt 0:01:48]} Bxc3 $1 {[%emt 0:07:16]} 19. bxc3 {[%emt 0:00:06]} gxh4 {[%emt 0:00:32]} 20. Bf4 {[%emt 0:00:06]} Nxf4 {[%emt 0:00:29]} 21. Qxf4 {[%emt 0:00:02]} Qg5 {[%emt 0:00:17]} 22. Qf3 {[%emt 0:00:03]} f5 {[%emt 0:04:41] [#]} (22... Rfe8 $11 {keeps the balance.}) 23. e5 $1 {[%emt 0:05:51]} dxe5 {[%emt 0:02:32]} 24. Qxb7 {[%emt 0:00:23]} Qe7 {[%emt 0:01:41] [#]} 25. Qc6 $1 {[%emt 0:00:21]} Qf6 {[%emt 0:03:33]} 26. Qxc7 {[%emt 0:04:35]} Rac8 {[%emt 0:01:52]} 27. Qb7 {[%emt 0:00:07]} Rfd8 {[%emt 0:01:40]} (27... e4 $14) 28. Rxd8+ {[%emt 0:15:13]} ({Much less strong is} 28. Qxa7 $6 Rxc3 29. Rxd8+ Qxd8 $14) 28... Rxd8 {[%emt 0:00:09]} 29. Qxa7 {[%emt 0:03:41]} Qc6 {[%emt 0:01:11]} 30. Qe7 {[%emt 0:00:08]} Ra8 {[%emt 0:00:45]} 31. Rd1 {[%emt 0:00:28]} ({Not} 31. Qxh4 Qxc3 32. Qg3+ Qxg3 33. fxg3 Rf8 $16) ({But not} 31. Qxe5 $2 Qa6 32. Qd5+ Kg7 33. Qxa8 Qxa8 $19) 31... Qa6 {[%emt 0:10:53]} 32. Rd8+ {[%emt 0:01:29]} Rxd8 {[%emt 0:00:01]} 33. Qxd8+ {[%emt 0:00:02]} Kg7 {[%emt 0:00:11]} 34. Qxh4 {[%emt 0:01:14]} Qf1+ {[%emt 0:00:31]} 35. Kb2 {[%emt 0:00:16]} Qxg2 {[%emt 0:00:06]} 36. Qe7+ {[%emt 0:01:25]} Kg6 {[%emt 0:00:10]} 37. Qe6+ {[%emt 0:00:14]} ({Not} 37. Qxe5 Qxf2 38. c4 Qb6 $18) 37... Kh5 {[%emt 0:02:10]} 38. Qxf5+ {[%emt 0:00:15]} Kh4 {[%emt 0:01:54]} 39. Qf6+ {[%emt 0:00:55]} Kg4 {[%emt 0:00:09]} 40. Qxh6 {[%emt 0:00:57]} Qxf2 $11 {[%emt 0:00:14]} 41. Qg6+ {[%emt 0:00:14]} Kh4 {[%emt 0:00:38]} 42. Qh6+ $2 {[%emt 0:01:46]} Kg3 $2 {[%emt 0:00:25]} 43. Qg7+ {[%emt 0:00:10]} Kh3 {[%emt 0:00:10]} (43... Kf3 44. Qxe5) 44. Qxe5 {[%emt 0:00:38]} Qb6 {[%emt 0:00:13]} 45. Qd4 {[%emt 0:00:50]} Qb7 {[%emt 0:00:11]} 46. c4 {[%emt 0:00:22]} (46. b4 $142 Kg2 47. Kb3 Qb8 48. c4 Qg3+ 49. Qd3 Qc7 50. Qd5+ Kh2 51. c5) 46... Qc6 {[%emt 0:00:14]} 47. c5 {[%emt 0:02:12]} Qb7 {[%emt 0:00:25]} 48. c6 {[%emt 0:00:59]} Qa8 {[%emt 0:00:45]} 49. c7 {[%emt 0:00:34]} Kg2 {[%emt 0:00:05]} 50. Qd8 {[%emt 0:00:59]} 1-0

[Event "FRA-ch Youth 2017"]
[Site "Belfort"]
[Date "2017.04.23"]
[Round "9"]
[White "Coiffait, Pierre-Basile"]
[Black "Travadon, Loic"]
[Result "0-1"]
[WhiteElo "2193"]
[BlackElo "2348"]
[Annotator "TA"]
[PlyCount "60"]
[EventDate "2017.??.??"]
[EventCountry "FRA"]
[SourceTitle "playchess.com"]
[Source "ChessBase"]
[SourceQuality "1"]

{[%evp 13,60,18,26,-4,43,42,35,32,37,0,0,0,0,-17,-22,-10,6,-18,-18,-36,-22,-37,-40,-54,8,-29,-33,-29,-10,-68,-35,-38,0,0,0,-50,25,-1,-15,0,25,8,23,0,0,-823,-785,-808,-796]} 1. e4 g6 2. d4 Bg7 3. Nc3 d6 4. Nge2 Nc6 5. Be3 a6 {B06: Modern Defence} 6. a4 e5 (6... Nf6 7. h3 O-O 8. g3 e5 9. Bg2 exd4 10. Nxd4 Bd7 11. O-O Re8 12. Re1 Nb4 13. Qd2 c5 14. Nb3 Bc6 15. Bf4 Nd7 16. Bxd6 Ne5 17. Bxe5 Qxd2 18. Nxd2 Bxe5 19. Rec1 b5 20. axb5 axb5 21. Rxa8 Rxa8 {½-½ (33) Stevic,H (2624)-Svidler,P (2741) Novi Sad 2009}) 7. h3 Nf6 {LiveBook: 9 Games. The position is equal.} 8. Qd2 O-O 9. d5 Ne7 $146 (9... Nb4 10. a5 b6 11. Nd1 bxa5 12. Ng3 Bb7 13. Rxa5 c5 {½-½ (42) Semenova,L (2255)-Gurieli,N (2150) Nikolaev 1978}) 10. g4 c6 11. Bg2 cxd5 12. exd5 Nd7 13. Ng3 f5 14. gxf5 gxf5 {[#] aiming for ...f4.} 15. Bh6 Ng6 16. Rg1 Rf7 {...f4 is the strong threat.} 17. Bxg7 Kxg7 18. Bf3 e4 (18... Kh8 $15) 19. Be2 Nde5 20. Nh5+ Kh8 21. Qg5 (21. Qh6 $11) 21... Qf8 22. Nf4 $1 Nxf4 23. Qxf4 Bd7 24. O-O-O Rg7 ({Black should try} 24... b5 $15) 25. f3 exf3 26. Bxf3 Qe7 27. Rxg7 Qxg7 28. Ne2 Rc8 29. Rg1 $2 {[%mdl 8192] [#]} (29. Nd4 $11) 29... Qxg1+ $1 $19 {[%mdl 512]} 30. Nxg1 Nd3+ $1 0-1

[Event "FRA-ch Youth 2017"]
[Site "Belfort"]
[Date "2017.04.23"]
[Round "9"]
[White "Tomasi, Albert"]
[Black "Harutyunyan, Ruben"]
[Result "0-1"]
[WhiteElo "2176"]
[BlackElo "2218"]
[Annotator "NA"]
[PlyCount "85"]
[EventDate "2017.??.??"]
[EventCountry "FRA"]
[SourceTitle "playchess.com"]
[Source "ChessBase"]
[SourceQuality "1"]
[TimeControl "5400+30"]

{[%evp 19,85,46,42,52,32767,32767,57,47,58,30,32,-2,-14,-10,0,0,15,0,-7,0,32767,0,32767,32767,25,32767,-17,-60,8,0,0,0,72,32767,32767,67,104,99,87,99,100,70,15,-28,-37,-231,32767,32767,32767,32767,32767,-321,32767,32767,32767,-268,32767,32767,32767,32767,32767,-5069,32767,-172,-161,-163,-164,-29972]} 1. e4 {[%emt 0:00:00]} e6 {[%emt 0:00:02]} 2. d4 {[%emt 0:00:00]} d5 {[%emt 0:00:01]} 3. Nc3 {[%emt 0:00:08]} Nf6 {[%emt 0:00:03]} 4. Bg5 {[%emt 0:00:20]} dxe4 {[%emt 0:00:01]} 5. Nxe4 {[%emt 0:00:20]} Nbd7 {[%emt 0:00:01]} 6. Nxf6+ {[%emt 0:02:54]} Nxf6 {[%emt 0:00:03]} 7. Nf3 {[%emt 0:00:11]} Be7 {[%emt 0:00:04]} 8. Bd3 {[%emt 0:01:05]} h6 {[%emt 0:00:05]} 9. Bh4 {[%emt 0:02:31]} c5 {[%emt 0:00:17]} 10. dxc5 {[%emt 0:05:48]} Qa5+ {[%emt 0:01:05] C10: French with 3 Nc3: Unusual Black 3rd moves and 3...dxe4} 11. c3 {[%emt 0:01:11]} Qxc5 {[%emt 0:00:06]} 12. Qe2 {[%emt 0:04:22]} a6 {[%emt 0:05:49]} (12... Bd7 13. Ne5 Bc6 14. O-O O-O 15. Rad1 a5 16. Kh1 Rfd8 17. f4 Be8 18. f5 {1-0 (42) Palac,M (2623)-Kosic,D (2517) Baku 2016}) 13. O-O {[%emt 0:05:16] LiveBook: 5 Games} Nh5 {[%emt 0:11:51]} 14. b4 {[%emt 0:17:09]} Qc7 {[%emt 0:01:11]} 15. Bb5+ $146 {[%emt 0:01:42]} (15. Bxe7 Kxe7 16. Ne5 Nf6 17. c4 {½-½ (25) Todorovic,G (2511)-Kosic,D (2515) Kopaonik 2005}) 15... axb5 {[%emt 0:13:29]} 16. Qxb5+ {[%emt 0:00:06]} Bd7 {[%emt 0:00:04]} 17. Qxh5 {[%emt 0:00:07]} Bxh4 {[%emt 0:11:35]} 18. Qxh4 {[%emt 0:00:23]} Qxc3 {[%emt 0:00:12]} 19. Rac1 {[%emt 0:10:26]} Qf6 {[%emt 0:02:01]} 20. Qe4 {[%emt 0:00:23]} O-O {[%emt 0:09:30]} 21. Qxb7 {[%emt 0:00:18]} Rfd8 {[%emt 0:00:35]} 22. Rfd1 {[%emt 0:05:39]} Qb2 $1 {[%emt 0:06:52]} 23. Ne1 {[%emt 0:15:27]} Ba4 {[%emt 0:10:32]} ({But not} 23... Rxa2 $2 24. Rc2 Qb3 25. Rxd7 $18) 24. Rxd8+ {[%emt 0:02:32]} Rxd8 {[%emt 0:00:28]} 25. Rc8 {[%emt 0:00:06]} Rxc8 {[%emt 0:00:53]} (25... Re8 $1 $11) 26. Qxc8+ {[%emt 0:00:09]} Kh7 {[%emt 0:00:03]} 27. Qc4 {[%emt 0:01:09]} Qa1 {[%emt 0:06:48] [#]} 28. Kf1 $1 {[%emt 0:14:37]} Qe5 {[%emt 0:05:25]} 29. f4 {[%emt 0:05:58]} Qb2 {[%emt 0:10:54]} 30. Nd3 {[%emt 0:02:25]} Qd2 $1 {[%emt 0:02:15]} 31. Ne5 {[%emt 0:01:02]} (31. h3 $14) 31... Bc2 {[%emt 0:01:03]} 32. h3 $2 {[%emt 0:01:42]} (32. Kg1 $1 $11) 32... f6 {[%emt 0:00:39]} 33. Qxe6 {[%emt 0:00:30]} fxe5 {[%emt 0:00:58]} 34. Qxe5 {[%emt 0:00:05]} Qxb4 {[%emt 0:00:34]} 35. Kf2 Bb1 {[%emt 0:00:52]} 36. g4 {[%emt 0:01:25]} Qa3 {[%emt 0:00:57]} 37. Qe3 {[%emt 0:00:30]} Qxe3+ {[%emt 0:00:34]} 38. Kxe3 {[%emt 0:00:04]} Bxa2 {[%emt 0:00:03]} 39. f5 {[%emt 0:00:15]} Bb1 {[%emt 0:00:37]} 40. Kf4 {[%emt 0:00:20]} g5+ {[%emt 0:00:53]} 41. fxg6+ {[%emt 0:00:29]} Kxg6 {[%emt 0:00:04]} 42. h4 {[%emt 0:00:59]} Bc2 $19 {[%emt 0:00:00]} 43. Kg3 $2 {[%emt 0:00:45]} (43. Ke5 $17) 0-1

[Event "FRA-ch Youth 2017"]
[Site "Belfort"]
[Date "2017.04.23"]
[Round "9"]
[White "Caloone, Thomas"]
[Black "Tahay, Alexis"]
[Result "0-1"]
[WhiteElo "2149"]
[BlackElo "2239"]
[Annotator "TA"]
[PlyCount "134"]
[EventDate "2017.??.??"]
[EventCountry "FRA"]
[SourceTitle "playchess.com"]
[Source "ChessBase"]
[SourceQuality "1"]

{[%evp 21,134,0,17,17,20,13,30,31,43,49,37,41,42,-8,0,7,11,7,10,16,16,16,15,0,0,0,26,0,0,0,0,0,0,0,0,0,0,-47,0,0,0,-17,0,0,0,0,0,0,0,0,0,0,0,0,0,-17,-15,-41,0,0,0,0,0,-121,0,-451,-443,-1014,-997,-1473,-1337,-5181,-5173,-29970,-29976,-797,-190,-190,-201,-204,-193,-178,-170,-138,0,0,0,-556,-660,-29953,-29960,-6079,-6079,-29965,-12797,-29982,-29983,-29983,-29984,-29988,-29983,-29988,-29977,-29977,-29977,-29981,-29982,-29982,-29983,-29991,-29992,-29992,-29985,-29997,-29998]} 1. e4 c5 2. Nf3 d6 3. d4 cxd4 4. Nxd4 Nf6 5. Nc3 Nc6 6. Be2 e5 7. Nb3 {[%cal Bd4b3,Bb3d2,Bd2c4,Bc4b6][%mdl 32]} Be7 8. O-O O-O 9. Be3 a5 {[%cal Ba7a5,Ba5a4][%mdl 32]} 10. f3 a4 {B59: Classical Sicilian: 6 Be2 e5 7 Nb3} 11. Nd2 a3 {LiveBook: 5 Games} 12. Nc4 axb2 {The position is equal.} 13. Rb1 Nd4 14. Rxb2 $146 (14. Bxd4 exd4 15. Qxd4 Be6 16. Rxb2 d5 17. exd5 Nxd5 18. Nxd5 Qxd5 19. Qxd5 Bxd5 {½-½ (46) Papp Zoltan,C (2320)-Obodchuk,A (2440) Budapest 1994}) 14... Nxe2+ 15. Qxe2 Be6 16. Nb6 (16. Rxb7 $2 Qc8 17. Rb4 d5 18. Nxd5 Bxd5 $19) 16... Ra3 17. Ncd5 Bxd5 18. exd5 Qc7 19. c4 Nd7 20. Nxd7 Qxd7 21. Rfb1 Rb8 22. Rb3 Rxb3 23. Rxb3 h5 24. Qb2 Qa4 25. Rxb7 Qd1+ 26. Kf2 Rxb7 27. Qxb7 Qc2+ 28. Ke1 Bf8 29. Bd2 {Threatening Qb3.} Qxa2 30. Qc8 Qc2 31. Ke2 Qg6 32. Kf2 Qf6 33. Ke2 Qh4 34. Bb4 {aiming for Bxd6.} Qe7 35. Kf2 g6 {[%cal Bg7g6,Bg6g5,Bg5g4][%mdl 32]} 36. g3 Kg7 37. Qb8 Qf6 38. Ke2 g5 39. Ba3 g4 40. f4 $1 {[%cal Bf3f4,Bf4f5][%mdl 32]} Qg6 (40... exf4 $2 41. Bb2 Qxb2+ 42. Qxb2+ $18) 41. f5 $1 {[%cal Rf5g6]} (41. Kd2 exf4 42. gxf4 Qe4 43. Bxd6 Qd4+ 44. Kc1 Qxc4+ 45. Kb1 Qe4+ 46. Kb2 Qd4+ 47. Kc2 Bxd6 48. Qxd6 h4 $19) 41... Qf6 42. Qc7 {[#]} (42. Qc8 $11 {remains equal.}) 42... h4 (42... e4 $1 $17 {And now ...Qc3 would win.} 43. Qb6 Qxf5) 43. gxh4 $2 {[%mdl 8192]} (43. Qc8 $11) 43... Qxh4 $19 44. Bxd6 (44. f6+ $142 Qxf6 45. Kd2) 44... Qxh2+ 45. Ke1 Qg3+ 46. Kf1 Qf4+ 47. Kg1 Qe3+ ({Stronger than} 47... Qxf5 48. Bxf8+ (48. Bxe5+ Kg6 $15) 48... Kxf8 49. d6 $11) 48. Kg2 Bxd6 $2 (48... Qe4+ 49. Kf2 Qxf5+ 50. Kg1 Qb1+ 51. Kf2 {[#]} g3+ $1 {[%mdl 512]} 52. Kg2 Qc2+ 53. Kxg3 Qg6+ 54. Kf2 Qxd6) 49. Qxd6 {[%mdl 4096] Endgame KQ-KQ} Qf3+ 50. Kg1 Qg3+ 51. Kf1 Qf4+ 52. Kg2 Qe4+ (52... Qxf5 $17 {Strongly threatening ...Qf3+.} 53. Kg3 Qh5) 53. Kg3 $11 Qxf5 {Threatens to win with ...Qh5.} (53... Qf3+ $5 54. Kh4 $8 Qxf5 $11) 54. Qe7 $2 {[%mdl 8192]} ({Much worse is} 54. c5 Qh5 55. Kf2 Qf5+ 56. Kg3 Qh5 $17) (54. Kh4 $1 $11 {and White has nothing to worry.}) 54... Kg6 $19 {( -> ...Qf3+)} 55. Qa3 Qf4+ 56. Kg2 Qxc4 57. Qd6+ f6 {[%cal Bf7f6,Bf6f5][%mdl 32]} 58. Qe6 Qe2+ {Black mates.} 59. Kg1 Kg5 60. Qf7 f5 61. d6 Qd1+ 62. Kg2 Qd2+ 63. Kg1 Qxd6 64. Qg8+ Kf4 65. Kg2 Qd2+ 66. Kf1 Qd3+ 67. Kg1 Kg3 0-1

[Event "FRA-ch Youth 2017"]
[Site "Belfort"]
[Date "2017.04.23"]
[Round "9"]
[White "Midy, Robin"]
[Black "Bressy, Theo"]
[Result "0-1"]
[WhiteElo "2137"]
[BlackElo "2039"]
[Annotator "TA"]
[PlyCount "80"]
[EventDate "2017.??.??"]
[EventCountry "FRA"]
[SourceTitle "playchess.com"]
[Source "ChessBase"]
[SourceQuality "1"]

{[%evp 7,79,27,59,29,27,15,37,20,23,20,16,11,33,19,31,5,42,39,44,12,14,4,7,-10,0,0,-2,-10,38,38,30,-30,-20,-13,35,0,0,0,0,0,11,-7,-14,-18,8,-30,0,-17,24,26,28,26,66,52,108,-24,33,5,11,-214,-191,-833,-670,-2895,-2835,-2615,-2598,-29993,-29994,-29997,-29998,-29998,-29999,-29999]} 1. d4 g6 2. e4 Bg7 3. Nc3 d6 4. Bg5 h6 {LiveBook: 61 Games. B06: Modern Defence} (4... a6 5. Qd2 Nd7 6. f4 b5 7. Nf3 Bb7 8. O-O-O b4 9. Nd5 Bxd5 10. exd5 Ngf6 11. Qxb4 Nxd5 12. Qa5 N5f6 {0-1 (36) Kovalev,V (2598)-Smirin,I (2670) Moscow 2017}) 5. Bf4 a6 6. a4 b6 {The position is equal.} 7. Nf3 Bb7 8. h3 e6 9. Qd2 Nd7 10. Bc4 $146 (10. Bd3 Ne7 11. Ne2 e5 12. dxe5 dxe5 {0-1 (40) Hugentobler,P (2251)-Eisenbeiser,A (2312) Austria 2005}) 10... Ne7 11. Bb3 Kf8 12. O-O Kg8 13. Ne1 Kh7 14. Bg3 Nf6 15. Qd3 d5 16. exd5 exd5 17. Be5 Nd7 18. Bxg7 $1 Kxg7 19. Rd1 (19. a5 $142) 19... Nf6 20. Qf3 Qc8 21. Ne2 c5 22. c3 Re8 23. Bc2 c4 24. Ng3 Qc7 25. Ne2 Nc8 {[%cal Be7c8,Bc8d6,Bd6f5,Bf5e3][%mdl 32]} 26. Ng3 Bc6 27. Ra1 Ra7 28. Qd1 Nd6 29. Nf3 Nfe4 30. Ne2 f6 {[#]} ({Black should play} 30... b5 $14) 31. Nd2 ({Better is} 31. Nh4 $1 $16) 31... Qb8 ({Black should try} 31... Nxd2 $11 32. Qxd2 f5) 32. f3 Ng5 33. Nf4 $2 (33. h4 $11 Ngf7 {[#]} 34. h5 $1 {[%mdl 512]}) 33... Nf5 $19 {Threatens to win with ...Ne3.} 34. Nxg6 $2 (34. Nh5+ gxh5 35. Bxf5) 34... Ne3 {Strongly threatening ...Qg3.} 35. Qc1 {[#]} Nxh3+ $1 {[%mdl 512]} (35... Nxf1 36. Nxf1 Kg8 37. h4 $16) 36. Kh1 (36. gxh3 Qg3+) 36... Qg3 {[%csl Ge3][%cal Rg3g2]} ({Weaker is} 36... Nxf1 37. Nxf1 Ng5 38. Ne3 $15) 37. Nh4 Qxh4 {Black mates.} 38. Qe1 Nf2+ 39. Kg1 Qh1+ 40. Kxf2 Qxg2# ({And not} 40... Nxc2 41. Rxh1 Nxe1 42. Rhxe1 $14 (42. Raxe1 Bxa4 43. Nf1 Rxe1 44. Kxe1 Bd7 $11)) 0-1

[Event "FRA-ch Youth 2017"]
[Site "Belfort"]
[Date "2017.04.23"]
[Round "9"]
[White "Daeschler, Florian"]
[Black "Sarafian, Thomas"]
[Result "1-0"]
[WhiteElo "2124"]
[BlackElo "1892"]
[Annotator "NA RC"]
[PlyCount "72"]
[EventDate "2017.??.??"]
[EventCountry "FRA"]
[SourceTitle "playchess.com"]
[Source "ChessBase"]
[SourceQuality "1"]
[TimeControl "5400+30"]

{[%evp 8,71,20,18,28,47,45,53,66,32767,109,93,32767,111,32767,32767,74,0,18,19,7,0,9,16,9,17,136,127,138,56,83,38,91,74,230,32767,32767,32767,32767,143,170,32767,32767,32767,115,208,227,410,347,0,75,36,0,32767,32767,0,0,0,173,139,167,152,32767,32767,754,606]} 1. Nf3 {[%emt 0:02:41]} c5 {[%emt 0:00:20]} 2. e4 {[%emt 0:00:24]} d6 {[%emt 0:00:15]} 3. Bb5+ {[%emt 0:00:03]} Bd7 {[%emt 0:02:27]} 4. Bxd7+ {[%emt 0:00:08]} Nxd7 {[%emt 0:00:12]} 5. O-O {[%emt 0:00:10]} g6 {[%emt 0:01:46]} 6. c3 {[%emt 0:00:18]} Ngf6 {[%emt 0:03:35]} 7. Qe2 {[%emt 0:01:45] LiveBook: 25 Games} Bg7 {[%emt 0:03:10]} 8. d4 {[%emt 0:00:20]} O-O {[%emt 0:04:57] B52: Sicilian: Moscow Variation with 3...Bd7} (8... Qc7 $14) 9. e5 {[%emt 0:02:08]} dxe5 {[%emt 0:11:28]} 10. dxe5 {[%emt 0:00:09]} Nd5 {[%emt 0:01:26]} 11. Rd1 $146 {[%emt 0:05:51]} (11. e6 N7b6 12. exf7+ Rxf7 13. Ng5 Rf6 14. Re1 Nc7 15. Nd2 Qd5 16. Nb3 Rf5 17. Nf3 Nc4 18. Nbd2 Ne5 19. Nxe5 Rxe5 20. Qf1 Rd8 21. Rxe5 Bxe5 22. Nf3 Bf6 23. Be3 {½-½ (23) Freeman,M (2397)-Rotova,M (2067) ICCF email 2001}) 11... e6 {[%emt 0:02:31]} 12. Bg5 {[%emt 0:01:53]} (12. c4 $16 Nb4 13. Nc3) 12... Qc7 {[%emt 0:04:19]} 13. c4 {[%emt 0:01:06]} Nb4 $1 {[%emt 0:02:09]} 14. Be7 {[%emt 0:01:58]} Nxe5 {[%emt 0:03:04]} 15. Bxf8 {[%emt 0:05:26]} Nxf3+ {[%emt 0:00:18]} 16. Qxf3 {[%emt 0:00:25]} Bxb2 {[%emt 0:01:56]} (16... Rxf8 $11 17. Nc3 Nc6) 17. Bd6 {[%emt 0:01:26]} Qb6 {[%emt 0:00:29] [#]} 18. a3 {[%emt 0:10:32]} ({Weaker is} 18. Bxc5 Qxc5 19. Qxb7 Rf8 $15) (18. Nc3 $1 $16 {[%cal Rc3a4]} Bxa1 19. Na4 (19. Rxa1 Qxd6 20. Qxb7 Rd8 $19)) 18... Bxa1 {[%emt 0:03:55]} 19. axb4 {[%emt 0:00:08]} cxb4 {[%emt 0:00:30]} 20. c5 {[%emt 0:01:35]} Qb5 {[%emt 0:01:24]} (20... Qc6 $16) 21. Nd2 {[%emt 0:07:41]} Bg7 {[%emt 0:01:59]} 22. Ne4 {[%emt 0:00:07]} a5 {[%emt 0:07:57]} 23. Ng5 {[%emt 0:02:43]} Qd7 {[%emt 0:01:25]} 24. Ne4 {[%emt 0:04:01]} Qc6 {[%emt 0:07:35]} 25. Nf6+ {[%emt 0:04:58]} Kh8 {[%emt 0:00:14]} 26. Qf4 {[%emt 0:00:06]} b3 {[%emt 0:05:02]} 27. Bb8 {[%emt 0:03:12]} Qc8 {[%emt 0:00:53] [#]} 28. Bc7 $2 {[%emt 0:09:14]} ({White must play} 28. Qh4 $1 $18 {[%csl Gf6][%cal Rh4h7]} h6 29. Be5) 28... a4 {[%emt 0:03:26]} (28... g5 $11 29. Qg3 (29. Qe5 a4 $17) 29... Bxf6) 29. Nd7 {[%emt 0:05:35]} a3 $1 {[%emt 0:04:34]} ({Not} 29... g5 $2 30. Qg3 Qg8 31. Nb6 $16 (31. Qxg5 a3 $14)) 30. Nb6 {[%emt 0:10:55]} a2 {[%emt 0:01:28]} 31. Be5 $1 {[%emt 0:02:09]} (31. Nxc8 a1=Q 32. Qd2 h5 $19) 31... Qxc5 {[%emt 0:00:39]} 32. Qa4 $1 {[%emt 0:09:03]} Bxe5 {[%emt 0:02:58]} (32... Rg8 $11 {and Black has nothing to worry.} 33. Bxg7+ Kxg7 34. Qxb3 e5) 33. Qxa8+ {[%emt 0:02:09]} Kg7 {[%emt 0:00:04]} 34. Nd7 {[%emt 0:00:17]} Qb4 {[%emt 0:04:00]} 35. Nxe5 {[%emt 0:00:08]} Qc5 $18 36. Nd7 Qh5 1-0

[Event "FRA-ch Youth 2017"]
[Site "Belfort"]
[Date "2017.04.23"]
[Round "9"]
[White "Lafortune, Emerick"]
[Black "Meunier, Clement"]
[Result "0-1"]
[WhiteElo "2111"]
[BlackElo "2240"]
[Annotator "TA"]
[PlyCount "64"]
[EventDate "2017.??.??"]
[EventCountry "FRA"]
[SourceTitle "playchess.com"]
[Source "ChessBase"]
[SourceQuality "1"]

{[%evp 17,64,20,57,47,92,0,68,70,52,33,95,85,84,64,98,103,175,175,200,175,161,0,141,7,104,0,0,0,0,0,0,0,0,-96,-112,-88,-77,-220,-8,-89,-78,-480,-153,-29990,-29991,-29991,-29992,-29995,-29996]} 1. d4 f5 2. Nf3 Nf6 3. g3 e6 4. Bg2 c6 5. c4 d5 6. O-O Bd6 7. Bf4 Bxf4 8. gxf4 O-O 9. Ne5 Bd7 {LiveBook: 3 Games} 10. Qb3 {A90: Dutch Defence: Miscellaneous and Modern Stonewall (with ...Bd6)} b6 $146 (10... Qc8 11. Rd1 Na6 12. Nd2 Be8 13. Nf1 Kh8 14. Ng3 Rg8 15. cxd5 exd5 16. Qa3 Qe6 17. Bh3 g6 {½-½ (68) Murdzia,P (2418)-Danielsen,H (2504) Germany 2003}) 11. c5 (11. Rc1 $16) 11... Na6 (11... Ng4 $11) 12. Qa3 {White is slightly better.} Nc7 13. Nd2 Be8 (13... Nb5 $1 $14 14. Qd3 bxc5) 14. Rfc1 (14. Rac1 $5 {seems wilder.} h6 15. Rc2 Ng4 16. Ndf3 b5 17. Qa5) 14... Ne4 15. Nxe4 fxe4 16. e3 b5 (16... g5 $16 {is a better defense.}) 17. Qa5 $18 Kh8 18. Rf1 Rc8 19. Qxa7 $2 (19. Kh1 $18) 19... g5 (19... Ra8 $11 {remains equal.} 20. Qb7 Rb8) 20. f3 ({White should play} 20. fxg5 $16 Ra8 21. Qb7) 20... gxf4 {[#]} (20... Ra8 $1 $11 21. Qb7 exf3) 21. fxe4 ({White has to play} 21. Qa3 $1 $16) 21... dxe4 $11 22. Bxe4 {Black must now prevent Kh1.} Bh5 $1 23. Qa3 {And now Kh1 would win.} (23. Bxc6 fxe3 24. Rxf8+ Qxf8 $19) (23. Nxc6 $2 Qg5+ 24. Kh1 f3 $19) 23... Qg5+ 24. Kh1 {Threatens to win with Rxf4.} fxe3 25. Qd3 (25. Nxc6 $2 Rxf1+ 26. Rxf1 e2 $19) (25. Rg1 $1 $11 {was the only way to keep the balance.} Qf4 26. Qd3 (26. Bxc6 $2 Qxd4 27. Qc3 Qxc3 28. bxc3 Rf5 $19)) 25... Nd5 $17 26. Rg1 Qh6 27. Rae1 {[#]} (27. Rg2 $17) 27... e2 $2 ({Black should try} 27... Rf2 $1 $19 {[%cal Rf2h2] ( -> ...Rxh2+!)} 28. Rg2 Rd2) 28. Bxd5 (28. Qh3 $1 $11) 28... exd5 29. h3 $2 {[%mdl 8192]} (29. Rxe2 $17 {was the crucial defense.} Bxe2 30. Qxe2) 29... Rce8 $2 ({Less strong is} 29... Bf3+ 30. Kh2 Qf4+ 31. Rg3 $17) (29... Rf2 $19 {and Black stays clearly on top. Hoping for ...Bf3+!} 30. Qg3 Rcf8) 30. Ng4 $2 (30. Qg3 $17 Rg8 31. Qf2 (31. Qd3 $2 Rxg1+ 32. Kxg1 Rg8+ 33. Ng4 Bxg4 34. hxg4 Qh4 35. Qxe2 Rxg4+ 36. Qxg4 Qxg4+ $19)) 30... Bxg4 {Black mates.} 31. Rxg4 Re3 32. Rg3 Rxd3 0-1